000 00836nam a2200265Ia 4500
003 OSt
005 20220927115041.0
006 a|||||r|||| 00| 0
007 ta
008 220926b |||||||| |||| 00| 0 eng d
024 _a96678
037 _cThesis and Dissertations
040 _aRTL
_cRTL
_beng
041 _2eng
_aeng
082 _a"Y31:6.252E.N7, M0/Th"
100 _aMishra Madhu S
245 0 _aEconomic development and social change in a North
260 _aDelhi
_bUniversity of Delhi
_c1980
300 _a"iii, 575p"
_ccm.
490 _a"University of Delhi, Sociology (Deptt of-), Thesis"
500 _aBibliography: P 537-75; Appendix: P 510-36
650 _aRural Social Change
942 _h"Y31:6.252E.N7, M0/Th"
_cCC
999 _c705602
_d705602